| 000 | 00546nam a22001817a 4500 | ||
|---|---|---|---|
| 999 |
_c191754 _d191754 |
||
| 005 | 20220901164959.0 | ||
| 010 | _aENG-134853 | ||
| 020 |
_c120.00 _a978-93-80657-31-8 |
||
| 035 | _aEN-118385 | ||
| 037 | _bDBAD/PUB | ||
| 082 | _a616.07 | ||
| 100 | _aP. Ramalakhmi | ||
| 245 |
_aMedical lab technique & bio-instrumentation/ _cP. Ramalakhmi |
||
| 260 |
_aMadurai _bShanlax Publications _c2010 |
||
| 270 |
_bMadurai _e625003 _a61, T.P.K. Main Road, Vasantha Nagar |
||
| 300 |
_a218p _c21cm(pb) |
||
| 942 |
_2ddc _cEN _h616.07 _mRAM |
||